01589nam a2200325 i 4500001001000000003000900010005001700019007000300036008004100039040003000080082003200110100005300142245011900195264003600314300002700350336002700377337003500404338003100439500007100470590002600541650007700567650007100644651009000715910003700805942001300842952013300855952012700988952013301115999001501248000007195DO-SdBNP20250401151751.0ta090907s2000 dr 000 0 spa d aDO-SdBNPbspacBNPHUerda 4a398.2097293bP944a 20002221 aPérez y Pérez, Rafael Leonidas919964eautor10aAlgunas de las creencias y supersticiones de un pueblo fronterizo :bDuverge /cRafael Leonidas Pérez y Pérez. aSanto Domingo :bIMPESA,c2000. a33 páginas ;c22 cm. 2rdacontentatextobtxt 2rdamedia asin mediación bn 2rdacarrier avolumen bnc aIncluye referencias bibliográficas y notas al pie de las paginas aInventariado, 2018/VM 4aSupersticiónzRepública Dominicana, Duvergé (Independencia)919965 0aFolclorezRepública Dominicana, Duvergé (Independencia)933448 4aDuvergé (Independencia, República Dominicana) xVida social y costumbres919967 aValidado. Control de calidad MFF 2ddccLF2 00102ddc56708DSaBNPHUbBNPHUcHDd2011-04-11oBNPHU F-DS 398.2097293 P944a 2000p7195-30r2020-06-25te. 3w2020-06-25yLF2 00102ddc51708PDaBNPHUbBNPHUcHDd2009-10-15oBNPHU F-PD 398.2097293 P944a 2000p7195-10r2020-06-25w2020-06-25yLF2 00102ddc51708PDaBNPHUbBNPHUcHDd2009-10-15oBNPHU F-PD 398.2097293 P944a 2000p7195-20r2020-06-25te. 2w2020-06-25yLF2 c6976d6976